Анализ возможностей и реализация современных методов измерения эффективности термоэлектрических элементов; Измерительная техника; № 12

Detaylı Bibliyografya
Parent link:Измерительная техника=Measurement Techniques: научно-технический журнал/ Российская Федерация, Федеральное агентство по техническому регулированию и метрологии (Ростехрегулирование) (Госстандарт России).— , 1940-1941, 1955-.— 0368-1025
№ 12.— 2003.— С. 35-38
Yazar: Путилин А. Б.
Diğer Yazarlar: Юрагов Е. А.
Dil:Rusça
Baskı/Yayın Bilgisi: 2003
Seri Bilgileri:Теплофизические измерения
Konular:
Materyal Türü: Kitap Bölümü
KOHA link:https://koha.lib.tpu.ru/cgi-bin/koha/opac-detail.pl?biblionumber=389682

MARC

LEADER 00000naa2a2200000 4500
001 389682
005 20231101063908.0
035 |a (RuTPU)RU\TPU\prd\22143 
090 |a 389682 
100 |a 20040202a2003 k y0rusy50 ca 
101 0 |a rus 
102 |a RU 
200 1 |a Анализ возможностей и реализация современных методов измерения эффективности термоэлектрических элементов  |f А. Б. Путилин, Е. А. Юрагов 
225 1 |a Теплофизические измерения 
320 |a Библиогр.: 9 назв. 
461 1 |0 (RuTPU)RU\TPU\prd\1509  |x 0368-1025  |t Измерительная техника  |l Measurement Techniques  |o научно-технический журнал  |f Российская Федерация, Федеральное агентство по техническому регулированию и метрологии (Ростехрегулирование) (Госстандарт России)  |d 1940-1941, 1955- 
463 1 |0 (RuTPU)RU\TPU\prd\21767  |t № 12  |v С. 35-38  |d 2003 
610 1 |a термоэлементы 
610 1 |a параметры эффективности 
610 1 |a измерительная система 
675 |a 621.382.5  |v 3 
700 1 |a Путилин  |b А. Б. 
701 1 |a Юрагов  |b Е. А. 
801 1 |a RU  |b 63413507  |c 20040202  |g PSBO 
801 2 |a RU  |b 63413507  |c 20121217  |g RCR 
942 |c BK